[Event "Reykjavik op"]
[Site "Reykjavik"]
[Date "2017.04.26"]
[Round "9"]
[White "Njardarson, Daniel Ernir"]
[Black "Le Creurer, Kilian"]
[Result "0-1"]
[WhiteElo "1378"]
[BlackElo "1942"]
[PlyCount "86"]
[EventDate "2017.04.19"]
[EventType "swiss"]
[EventRounds "10"]
[EventCountry "ISL"]
[SourceTitle "CBM 178 Extra"]
[Source "ChessBase"]
[SourceDate "2017.06.22"]
[SourceVersion "1"]
[SourceVersionDate "2017.06.22"]
[SourceQuality "1"]

1. d4 Nf6 2. c4 e6 3. Nc3 d5 4. cxd5 exd5 5. Bg5 Be7 6. Qc2 0-0 7. e3 Re8 8. Bd3 h6 9. Bh4 c6 10. Nge2 Ne4 11. Bxe7 Qxe7 12. 0-0 Nd7 13. Ng3 Ndf6 14. Rae1 Nxg3 15. hxg3 Ne4 16. Bxe4 dxe4 17. f3 exf3 18. gxf3 Qg5 19. Qf2 Bh3 20. Ne4 Qg6 21. g4 Bxf1 22. Kxf1 f5 23. gxf5 Qxf5 24. Ke2 Qb5+ 25. Kd1 Qd3+ 26. Qd2 Qb1+ 27. Ke2 Qxa2 28. Rg1 Re6 29. Ng3 Qc4+ 30. Kf2 Rg6 31. Rc1 Qe6 32. Qd3 Rf8 33. Rg1 Rg5 34. e4 Rd8 35. e5 c5 36. f4 Rxd4 37. Qxd4 cxd4 38. fxg5 Qxe5 39. gxh6 Qe3+ 40. Kf1 Qxh6 41. Rh1 Qc1+ 42. Kg2 Qxb2+ 43. Kh3 d3 0-1

[Event "Olbia CIG U16 24th"]
[Site "Olbia"]
[Date "2016.06.30"]
[Round "6"]
[White "Scarsella, Lorenzo Luigi"]
[Black "Le Creurer, Kilian"]
[Result "1-0"]
[WhiteElo "2075"]
[BlackElo "1779"]
[PlyCount "69"]
[EventDate "2016.06.26"]
[EventType "swiss"]
[EventRounds "9"]
[EventCountry "ITA"]
[SourceTitle "EXT 2024"]
[Source "ChessBase"]
[SourceDate "2023.10.10"]
[SourceVersion "1"]
[SourceVersionDate "2023.10.10"]
[SourceQuality "1"]

1. d4 d5 2. Nf3 Nf6 3. Bg5 c6 4. e3 Nbd7 5. c4 e6 6. a3 Qa5+ 7. Nbd2 Be7 8. b4 Qc7 9. Bd3 e5 10. cxd5 Nxd5 11. Bxe7 Nxe7 12. 0-0 0-0 13. Qc2 Ng6 14. Rac1 exd4 15. Nxd4 Nde5 16. Be4 Qe7 17. h3 Rd8 18. N2b3 Re8 19. Nc5 Nd7 20. Ndb3 Nxc5 21. Nxc5 Qg5 22. Kh1 f5 23. Bd3 Ne5 24. f4 Qg3 25. fxe5 b6 26. Rf3 Qxe5 27. Nb3 Be6 28. Bxf5 Bxf5 29. Qxf5 Qb2 30. Qf7+ Kh8 31. Rxc6 Rad8 32. Re6 Rg8 33. Re7 Rd1+ 34. Kh2 Qb1 35. Qxg8+ 1-0